Formando alianzas público-privadas para la innovación agricola

Guardat en:
Dades bibliogràfiques
Autors principals: Hartwich, Frank (Autor), Tola, Jaime (Autor), Engler, Alejandra (Autor), González, Carolina (Autor), Ghezan, Graciela (Autor), Vásquez-Alvarado, Jorge M. P (Autor), Silva, José Antonio (Autor), Espinoza, José de Jesús (Autor), Gottret, María Verónica (Autor)
Format: Llibre
Idioma:espanyol
Publicat: Washington, D.C IFPRI 2007
Col·lecció:Seguridad Alimentaria en la Práctica, 4
Matèries:
Etiquetes: Afegir etiqueta
Sense etiquetes, Sigues el primer a etiquetar aquest registre!

MARC

LEADER 00000nam a2200000 a 4500
001 UCI6293
003 CL-VaPUC
008 080425e20070000US |||||||||||||||||spa|d
020 |a 9780896297623 
082 0 4 |a 338.198  |b HAR  |2 21 
100 0 |a Hartwich, Frank  |e author  |9 529084 
700 0 |a Tola, Jaime  |e author  |9 529085 
700 0 |a Engler, Alejandra  |e author  |9 529086 
700 0 |a González, Carolina  |e author  |9 529087 
700 0 |a Ghezan, Graciela  |e author  |9 529088 
700 0 |a Vásquez-Alvarado, Jorge M. P  |e author  |9 529089 
700 0 |a Silva, José Antonio  |e author  |9 529090 
700 0 |a Espinoza, José de Jesús  |e author  |9 529091 
700 0 |a Gottret, María Verónica  |e author  |9 529092 
245 1 0 |a Formando alianzas público-privadas para la innovación agricola 
300 |a 78 p 
942 |c BK 
945 |d 20080425 00:00:00  |a jtorresc 
260 |a Washington, D.C  |b IFPRI  |c 2007 
650 7 |a POLITICA AGRARIA  |2 CL-VaPUC  |9 264314 
650 7 |a PRODUCTIVIDAD AGRICOLA  |2 CL-VaPUC  |9 264192 
650 7 |a INNOVACIONES TECNOLOGICAS  |2 CL-VaPUC  |9 529093 
650 0 |a Producción agrícola  |9 353481 
650 7 |a REFORMA AGRICOLA  |2 CL-VaPUC  |9 447249 
651 0 |a América Latina   |9 255027 
583 |a last modification  |c 20160914 11:59:51  |k Rodrigo Vera 
490 0 |a Seguridad Alimentaria en la Práctica, 4 
999 |c 329816  |d 329814 
952 |0 0  |1 0  |4 0  |6 338_198000000000000_HAR_2007  |7 0  |8 A  |9 414919  |a BIBAGR  |b BIBAGR  |d 2019-11-22  |i 4432932  |o 338.198 HAR 2007  |p 4432932  |r 2025-01-20  |w 2019-11-22  |y BK  |k AGR